Loading...
| Ancient History and Archaeology | 4 | 15.00 | 100% | 100% | 150% |
| Beliefs | 11 | 12.73 | 109% | 127% | 73% |
| British and Commonwealth History | 2 | 10.00 | 200% | 100% | 0% |
| Current Events | 1 | 20.00 | 400% | 200% | 0% |
| Fine Arts - Auditory | 4 | 10.00 | 200% | 0% | 100% |
| Fine Arts - Visual | 7 | 11.43 | 57% | 114% | 86% |
| History - American | 3 | 20.00 | 133% | 200% | 133% |
| History - European | 5 | 6.00 | 160% | 0% | 40% |
| History - World | 8 | 10.00 | 100% | 100% | 50% |
| Literature - American | 6 | 6.67 | 0% | 67% | 67% |
| Literature - British | 4 | 7.50 | 0% | 50% | 100% |
| Literature - European | 6 | 13.33 | 200% | 33% | 133% |
| Other Academic | 2 | 10.00 | 0% | 0% | 200% |
| Other Arts: Auditory | 1 | 10.00 | 400% | 0% | 0% |
| Other Arts: Visual | 2 | 15.00 | 0% | 200% | 100% |
| Other Science: Computer Science | 1 | 10.00 | 400% | 0% | 0% |
| Other Science: Earth Science | 2 | 15.00 | 200% | 200% | 0% |
| Philosophy | 4 | 12.50 | 200% | 50% | 100% |
| Science - Biology | 4 | 10.00 | 100% | 100% | 50% |
| Science - Chemistry | 6 | 15.00 | 200% | 100% | 100% |
| Science - Physics | 5 | 12.00 | 80% | 80% | 120% |
| Social Science | 5 | 8.00 | 80% | 40% | 80% |
| World and Other Literature | 3 | 10.00 | 133% | 0% | 133% |